000 00724 a2200229 4500
005 20260416151948.0
008 260416b |||||||| |||| 00| 0 eng d
020 _a979-8-7651-0725-6
037 _cTB
040 _aCRL
_cCRL
041 _2eng
_aeng
084 _aR4 R5
_qCRL
100 _aMcCurry, Jeffrey
_91113851
245 _aEthics of immediacy:
_bdangerous experience in freud, woolf, and merleau-ponty
260 _aNew York, USA:
_bBloomsbury Academic,
_c2025.
300 _a209p.
365 _b28.99
_cGBP
650 _aEthics
650 _aPhilosophy
942 _cTB
_2CC
_hR4 R5
999 _c1678696
_d1678696